<?xml version="1.0" encoding="UTF-8"?>
<record
    xmlns:xsi="http://www.w3.org/2001/XMLSchema-instance"
    xsi:schemaLocation="http://www.loc.gov/MARC21/slim http://www.loc.gov/standards/marcxml/schema/MARC21slim.xsd"
    xmlns="http://www.loc.gov/MARC21/slim">

  <leader>02585nam a22003617a 4500</leader>
  <controlfield tag="003">NALT</controlfield>
  <controlfield tag="005">20240201153435.0</controlfield>
  <controlfield tag="008">240201b        th ||||| |||| 00| 0 tha d</controlfield>
  <datafield tag="040" ind1=" " ind2=" ">
    <subfield code="a">NALT</subfield>
  </datafield>
  <datafield tag="090" ind1=" " ind2=" ">
    <subfield code="a">IS 12/2563 &#xE01;.1</subfield>
  </datafield>
  <datafield tag="110" ind1="2" ind2=" ">
    <subfield code="9">62751</subfield>
    <subfield code="a">&#xE19;&#xE31;&#xE01;&#xE28;&#xE36;&#xE01;&#xE29;&#xE32;&#xE2A;&#xE16;&#xE32;&#xE1A;&#xE31;&#xE19;&#xE1E;&#xE23;&#xE30;&#xE1B;&#xE01;&#xE40;&#xE01;&#xE25;&#xE49;&#xE32; &#xE2B;&#xE25;&#xE31;&#xE01;&#xE2A;&#xE39;&#xE15;&#xE23;&#xE01;&#xE32;&#xE23;&#xE1E;&#xE31;&#xE12;&#xE19;&#xE32;&#xE19;&#xE31;&#xE01;&#xE1A;&#xE23;&#xE34;&#xE2B;&#xE32;&#xE23;&#xE23;&#xE30;&#xE14;&#xE31;&#xE1A;&#xE2A;&#xE39;&#xE07; &#xE2A;&#xE33;&#xE2B;&#xE23;&#xE31;&#xE1A;&#xE02;&#xE49;&#xE32;&#xE23;&#xE32;&#xE0A;&#xE01;&#xE32;&#xE23;&#xE23;&#xE31;&#xE10;&#xE2A;&#xE20;&#xE32;&#xE2A;&#xE32;&#xE21;&#xE31;&#xE0D; &#xE23;&#xE38;&#xE48;&#xE19;&#xE17;&#xE35;&#xE48; 12 &#xE01;&#xE25;&#xE38;&#xE48;&#xE21;&#xE17;&#xE35;&#xE48; 1</subfield>
  </datafield>
  <datafield tag="245" ind1="1" ind2="0">
    <subfield code="a">&#xE01;&#xE32;&#xE23;&#xE1A;&#xE23;&#xE34;&#xE2B;&#xE32;&#xE23;&#xE23;&#xE32;&#xE0A;&#xE01;&#xE32;&#xE23;&#xE41;&#xE1C;&#xE48;&#xE19;&#xE14;&#xE34;&#xE19;&#xE41;&#xE1A;&#xE1A;&#xE21;&#xE35;&#xE2A;&#xE48;&#xE27;&#xE19;&#xE23;&#xE48;&#xE27;&#xE21; &#xE01;&#xE23;&#xE13;&#xE35;&#xE28;&#xE36;&#xE01;&#xE29;&#xE32; &#xE2A;&#xE33;&#xE19;&#xE31;&#xE01;&#xE07;&#xE32;&#xE19;&#xE40;&#xE25;&#xE02;&#xE32;&#xE18;&#xE34;&#xE01;&#xE32;&#xE23;&#xE2A;&#xE20;&#xE32;&#xE1C;&#xE39;&#xE49;&#xE41;&#xE17;&#xE19;&#xE23;&#xE32;&#xE29;&#xE0E;&#xE23; /</subfield>
    <subfield code="c">&#xE19;&#xE31;&#xE01;&#xE28;&#xE36;&#xE01;&#xE29;&#xE32;&#xE2A;&#xE16;&#xE32;&#xE1A;&#xE31;&#xE19;&#xE1E;&#xE23;&#xE30;&#xE1B;&#xE01;&#xE40;&#xE01;&#xE25;&#xE49;&#xE32; &#xE2B;&#xE25;&#xE31;&#xE01;&#xE2A;&#xE39;&#xE15;&#xE23;&#xE01;&#xE32;&#xE23;&#xE1E;&#xE31;&#xE12;&#xE19;&#xE32;&#xE19;&#xE31;&#xE01;&#xE1A;&#xE23;&#xE34;&#xE2B;&#xE32;&#xE23;&#xE23;&#xE30;&#xE14;&#xE31;&#xE1A;&#xE2A;&#xE39;&#xE07; &#xE2A;&#xE33;&#xE2B;&#xE23;&#xE31;&#xE1A;&#xE02;&#xE49;&#xE32;&#xE23;&#xE32;&#xE0A;&#xE01;&#xE32;&#xE23;&#xE23;&#xE31;&#xE10;&#xE2A;&#xE20;&#xE32;&#xE2A;&#xE32;&#xE21;&#xE31;&#xE0D; &#xE23;&#xE38;&#xE48;&#xE19;&#xE17;&#xE35;&#xE48; 12 &#xE01;&#xE25;&#xE38;&#xE48;&#xE21;&#xE17;&#xE35;&#xE48; 1 ; &#xE2A;&#xE16;&#xE32;&#xE1A;&#xE31;&#xE19;&#xE1E;&#xE23;&#xE30;&#xE1B;&#xE01;&#xE40;&#xE01;&#xE25;&#xE49;&#xE32;.</subfield>
  </datafield>
  <datafield tag="260" ind1=" " ind2=" ">
    <subfield code="a">&#xE01;&#xE23;&#xE38;&#xE07;&#xE40;&#xE17;&#xE1E;&#xE2F; :</subfield>
    <subfield code="b">&#xE2A;&#xE16;&#xE32;&#xE1A;&#xE31;&#xE19;&#xE1E;&#xE23;&#xE30;&#xE1B;&#xE01;&#xE40;&#xE01;&#xE25;&#xE49;&#xE32;,</subfield>
    <subfield code="c">2563.</subfield>
  </datafield>
  <datafield tag="300" ind1=" " ind2=" ">
    <subfield code="a">125 &#xE2B;&#xE19;&#xE49;&#xE32; :</subfield>
    <subfield code="b">&#xE15;&#xE32;&#xE23;&#xE32;&#xE07; ;</subfield>
    <subfield code="c">29 &#xE0B;&#xE21;.</subfield>
  </datafield>
  <datafield tag="610" ind1="2" ind2="4">
    <subfield code="9">11678</subfield>
    <subfield code="a">&#xE2A;&#xE33;&#xE19;&#xE31;&#xE01;&#xE07;&#xE32;&#xE19;&#xE40;&#xE25;&#xE02;&#xE32;&#xE18;&#xE34;&#xE01;&#xE32;&#xE23;&#xE2A;&#xE20;&#xE32;&#xE1C;&#xE39;&#xE49;&#xE41;&#xE17;&#xE19;&#xE23;&#xE32;&#xE29;&#xE0E;&#xE23; </subfield>
    <subfield code="x">&#xE01;&#xE32;&#xE23;&#xE1A;&#xE23;&#xE34;&#xE2B;&#xE32;&#xE23;</subfield>
  </datafield>
  <datafield tag="650" ind1=" " ind2="4">
    <subfield code="9">12673</subfield>
    <subfield code="a">&#xE01;&#xE32;&#xE23;&#xE21;&#xE35;&#xE2A;&#xE48;&#xE27;&#xE19;&#xE23;&#xE48;&#xE27;&#xE21;&#xE02;&#xE2D;&#xE07;&#xE1B;&#xE23;&#xE30;&#xE0A;&#xE32;&#xE0A;&#xE19;</subfield>
  </datafield>
  <datafield tag="700" ind1="0" ind2=" ">
    <subfield code="9">51252</subfield>
    <subfield code="a">&#xE01;&#xE0A;&#xE01;&#xE23; &#xE08;&#xE31;&#xE19;&#xE17;&#xE23;&#xE4C;&#xE40;&#xE1E;&#xE47;&#xE0D;</subfield>
  </datafield>
  <datafield tag="700" ind1="0" ind2=" ">
    <subfield code="9">56069</subfield>
    <subfield code="a">&#xE09;&#xE32;&#xE22;&#xE30;&#xE1E;&#xE31;&#xE19;&#xE18;&#xE38;&#xE4C; &#xE23;&#xE30;&#xE27;&#xE31;&#xE07;&#xE2A;&#xE33;&#xE42;&#xE23;&#xE07;</subfield>
  </datafield>
  <datafield tag="700" ind1="0" ind2=" ">
    <subfield code="9">62768</subfield>
    <subfield code="a">&#xE18;&#xE31;&#xE0D;&#xE0D;&#xE32;&#xE20;&#xE23;&#xE13;&#xE4C; &#xE1E;&#xE38;&#xE12;&#xE1E;&#xE27;&#xE07;</subfield>
  </datafield>
  <datafield tag="700" ind1="0" ind2=" ">
    <subfield code="9">54958</subfield>
    <subfield code="a">&#xE18;&#xE35;&#xE23;&#xE27;&#xE31;&#xE12;&#xE19;&#xE4C; &#xE40;&#xE2D;&#xE37;&#xE49;&#xE2D;&#xE1E;&#xE2D;&#xE1E;&#xE25;</subfield>
  </datafield>
  <datafield tag="700" ind1="0" ind2=" ">
    <subfield code="9">62769</subfield>
    <subfield code="a">&#xE19;&#xE34;&#xE27;&#xE31;&#xE12;&#xE19;&#xE4C; &#xE07;&#xE32;&#xE21;&#xE27;&#xE34;&#xE25;&#xE31;&#xE22;</subfield>
  </datafield>
  <datafield tag="700" ind1="0" ind2=" ">
    <subfield code="9">62770</subfield>
    <subfield code="a">&#xE1A;&#xE07;&#xE01;&#xE0A; &#xE2A;&#xE38;&#xE04;&#xE31;&#xE19;&#xE18;&#xE21;&#xE32;&#xE25;&#xE22;&#xE4C; </subfield>
  </datafield>
  <datafield tag="700" ind1="0" ind2=" ">
    <subfield code="9">51239</subfield>
    <subfield code="a">&#xE20;&#xE39;&#xE21;&#xE34;&#xE28;&#xE31;&#xE01;&#xE14;&#xE34;&#xE4C; &#xE08;&#xE31;&#xE19;&#xE17;&#xE23;&#xE4C;&#xE2D;&#xE48;&#xE2D;&#xE19;</subfield>
  </datafield>
  <datafield tag="700" ind1="0" ind2=" ">
    <subfield code="9">62771</subfield>
    <subfield code="a">&#xE21;&#xE19;&#xE1E;&#xE31;&#xE0A; &#xE40;&#xE1B;&#xE23;&#xE21;&#xE17;&#xE2D;&#xE07;&#xE2A;&#xE38;&#xE02;</subfield>
  </datafield>
  <datafield tag="700" ind1="0" ind2=" ">
    <subfield code="9">62772</subfield>
    <subfield code="a">&#xE2D;&#xE28;&#xE34;&#xE23;&#xE27;&#xE23;&#xE23;&#xE13; &#xE19;&#xE34;&#xE25;&#xE1B;&#xE23;&#xE30;&#xE1E;&#xE31;&#xE19;&#xE18;&#xE4C;</subfield>
  </datafield>
  <datafield tag="700" ind1="0" ind2=" ">
    <subfield code="9">62773</subfield>
    <subfield code="a">&#xE2D;&#xE31;&#xE08;&#xE09;&#xE23;&#xE32; &#xE27;&#xE34;&#xE44;&#xE25;&#xE2B;&#xE07;&#xE29;&#xE4C; </subfield>
  </datafield>
  <datafield tag="710" ind1="2" ind2=" ">
    <subfield code="9">2339</subfield>
    <subfield code="a">&#xE2A;&#xE16;&#xE32;&#xE1A;&#xE31;&#xE19;&#xE1E;&#xE23;&#xE30;&#xE1B;&#xE01;&#xE40;&#xE01;&#xE25;&#xE49;&#xE32;</subfield>
  </datafield>
  <datafield tag="850" ind1=" " ind2=" ">
    <subfield code="a">NALT</subfield>
  </datafield>
  <datafield tag="942" ind1=" " ind2=" ">
    <subfield code="c">IS</subfield>
    <subfield code="2">local</subfield>
  </datafield>
  <datafield tag="996" ind1=" " ind2=" ">
    <subfield code="a">chunbijaya.r</subfield>
    <subfield code="b">CATSTF	</subfield>
    <subfield code="c">2024-02-01</subfield>
  </datafield>
  <datafield tag="996" ind1=" " ind2=" ">
    <subfield code="a">saiphon.d</subfield>
    <subfield code="b">CATSTF	</subfield>
    <subfield code="c">2024-02-01</subfield>
  </datafield>
  <datafield tag="999" ind1=" " ind2=" ">
    <subfield code="c">104318</subfield>
    <subfield code="d">104318</subfield>
  </datafield>
  <datafield tag="998" ind1=" " ind2=" ">
    <subfield code="j">104</subfield>
    <subfield code="k"> &#xE19;&#xE32;&#xE07;&#xE2A;&#xE32;&#xE27;&#xE2A;&#xE32;&#xE22;&#xE1D;&#xE19;  &#xE14;&#xE35;&#xE07;&#xE32;&#xE21;</subfield>
  </datafield>
  <datafield tag="952" ind1=" " ind2=" ">
    <subfield code="0">0</subfield>
    <subfield code="1">0</subfield>
    <subfield code="2">local</subfield>
    <subfield code="4">0</subfield>
    <subfield code="7">0</subfield>
    <subfield code="8">CIS</subfield>
    <subfield code="a">NALT</subfield>
    <subfield code="b">NALT</subfield>
    <subfield code="c">IS</subfield>
    <subfield code="d">2024-02-01</subfield>
    <subfield code="o">IS 12/2563 &#xE01;.1</subfield>
    <subfield code="p">3961222170</subfield>
    <subfield code="r">2024-02-19 00:00:00</subfield>
    <subfield code="t">&#xE09;.1</subfield>
    <subfield code="w">2024-02-01</subfield>
    <subfield code="y">IS</subfield>
  </datafield>
  <datafield tag="952" ind1=" " ind2=" ">
    <subfield code="0">0</subfield>
    <subfield code="1">0</subfield>
    <subfield code="2">local</subfield>
    <subfield code="4">0</subfield>
    <subfield code="7">0</subfield>
    <subfield code="8">CIS</subfield>
    <subfield code="a">NALT</subfield>
    <subfield code="b">NALT</subfield>
    <subfield code="c">IS</subfield>
    <subfield code="d">2024-02-01</subfield>
    <subfield code="o">IS 12/2563 &#xE01;.1</subfield>
    <subfield code="p">3961222172</subfield>
    <subfield code="r">2024-02-19 00:00:00</subfield>
    <subfield code="t">&#xE09;.2</subfield>
    <subfield code="w">2024-02-01</subfield>
    <subfield code="y">IS</subfield>
  </datafield>
</record>
